04174nam a2200301 i 4500001001000000003000900010005001700019007000300036008004100039040003000080041000800110082001900118110005000137245006800187264005400255300004500309336002700354337003300381338002800414505306400442590002503506650001003531910000703541942001403548952014403562952014903706999001703855000004135DO-SdBNP20260129101454.0ta290126m2009 dr r 001 0 spa d aDO-SdBNPbspacBNPHUerda aspa 4axxxbC748a222 aConferencia del Episcopado Dominicano.94631010aAnuncio del Kerygma :bprimera etapa de la misión continental aSanto Domingo :bPlan Nacional de Pastoral,c2009 a224 páginas :bilustraciones ;c21 cm. atextobtxt2rdacontent asin mediaciónbn2rdamedia avolumenbnc2rdacarrier a“ Vayan por todo el mundo y proclamen el Evangelio a toda creación’’ (Mc 16,15). Envío de los misioneros 11 – Organización de los quipos de misioneros a nivel zonal y parroquial 12 – Acto penitencial de los misioneros y misioneras en sus parroquias 14 – Celebración del envió de los misioneros 16 – Preparación espiritual de los misioneros celebración de la liturgia de las horas 16 – Dios quiere que todos y todas ‘’se salven y lleguen al conocimiento de la verdad’’ (1 Tm 1,4). Primera semana de la misión continental convocatoria de la comunidad 24 – Convocatoria de la comunidad 25 – Visitas a las casas promoción publicitaria de la misión 26 – Campaña de oración por la misión 28 – Dios quiere que todos y todas ‘’se salven y lleguen al conocimiento de la verdad’’ ( 1 Tm 1,4). Misión intensiva proclamación del Kerygma 30 – El inicio de la misión continental en las parroquias 31 – Visitas por las casas para anunciar el Kerygma durante la semana de la misión 37 – Proclamación del Kerygma en a casa de misión 39 – Primer tema en la casa de misión: el Señor no has invitado a encontramos con Él y a seguirlo 41 – Dios te ama. Dios nos ama 44 – Tercer tema en la casa misión: El pecado. Jesús ten compasión de mi 48 – Cuarto tema en la casa misión: Jesucristo, nuestro Salvador 53 –Quinto tema en la casa misión: Jesús espera tu respuesta: La fe 58 – Sexto tema en la casa misión: La conversión 61 – Séptimo tema en la casa misión: Jesús nos da el espíritu santo 66 – Rosario de la Aurora 71 – Jesús nos llama a vivir en la Iglesia 74 – Con todos los sectores misionados 79 – “ Yo soy el camino, la verdad y la vida” (Jn 14,6). Encuentro de preparación al retiro Kerygmático en la casa misión 80 – Encuentro de preparación al retiro Kerygmático 81 – “ Hagan discípulos a todas las gentes” (Mt 28,19). Retiro kerymático 85 Retiro de integración a la comunidad 86 – Encuentro con Jesucristo en la palabra 86 – Encuentro con Cristo en la Eucaristía “ Y sucedió que, cuando se puso a la mesa con ellos, tomo el pan, pronuncio la bendición, lo partió y se lo iba dando. Entonces se les abrieron os ojos y le reconocieron” (Lc 24, 30-31) 98 – Encuentro con Cristo en la comunidad y en el servicio, especialmente a los más pobres 107 – “ Se mantenían constantes en la enseñanza de los apóstoles, en la comunión, en la fracción del pan y en las oraciones” (Hch 2,42). Catequesis Kerygmáticas 124 – Metodología de preparación de las catequesis kerygmáticas, de la creación de la eucaristía dominical 125 – Catequesis Kerymáticas 135 – “ Si alguno quiere venir detrás de mí, niéguese a sí mismo, tome su cruz de cada día y sígame” (Lc 9,23). Encuentro del compromiso 202 – Encuentro del compromiso 203 -- ¿Cuál es tu nombre? 203 – ¿Qué pides a la iglesia de Dios? La fe 206 -- ¿Qué te da la fe? La vida eterna 213 aInventariado 2026/DG 976649 aDG 2ddccLBS1 00102ddc51708PDaBNPHUbBNPHUcCTd2026-01-29eDonaciónl0oBNPHU PD C748ap2026-0465r2026-01-29w2026-01-29yLBS1zBienvenido Brito 00102ddc51708PDaBNPHUbBNPHUcCTd2026-01-29eDonaciónl0oBNPHU PD C748ap2026-0466r2026-01-29te.2w2026-01-29yLBS1zBienvenido Brito c60160d60160